000 00831nam a2200253Ia 4500
003 OSt
005 20220927103555.0
006 a|||||r|||| 00| 0
007 ta
008 220926b |||||||| |||| 00| 0 eng d
024 _a102892
037 _cReference Collections
040 _aRTL
_cRTL
_beng
041 _2eng
_aeng
082 _a"Y6750gX:31.1.N6t, K9/UN"
110 _a"UNITED NATION , ECONOMIC AND SOCIAL AFFAIRS (Deptt of-)"
245 0 _aSocial Policy and the distribution of income in t
260 _aNew
_bYork UN
_c1969
300 _a"vii, 175p"
_ccm.
650 _aStuffering Sociology
_9360018
700 _a"UNITED NATION , ECONOMIC AND SOCIAL AFFAIRS (Deptt of-)"
942 _h"Y6750gX:31.1.N6t, K9/UN"
_cCC
999 _c684113
_d684113